Einfluss einer Pandemie auf die internationalen Lieferketten diplomová práca

Saved in:
Bibliographic Details
Main Author: Hiller, Paul
Corporate Author: Fakulta hospodárskej informatiky EU. Katedra operačného výskumu a ekonometrie
Other Authors: Weirowski, Tobias
Format: Book
Language:German
Published: Bratislava 2021
Tags: Add Tag
No Tags, Be the first to tag this record!

MARC

LEADER 00000nbm a2200000 4500
001 0283195
005 20220505111655.3
041 0 |a ger 
044 |a SK 
245 1 0 |a Einfluss einer Pandemie auf die internationalen Lieferketten  |b diplomová práca  |c Paul Hiller ; školiteľ: Tobias Weirowski 
264 1 |a Bratislava  |c 2021 
300 |a 58 s. 
100 1 |a Hiller, Paul 
700 1 |a Weirowski, Tobias 
710 2 |a Fakulta hospodárskej informatiky EU. Katedra operačného výskumu a ekonometrie